| 000 | 00506nam a2200157 a 4500 | ||
|---|---|---|---|
| 008 | 120416s0000 ||||||||||||||||| || u | ||
| 020 | _a0416268501 | ||
| 050 | _aZ 4.Z9 Har | ||
| 100 | _aHarley, Esther S | ||
| 245 | 1 | 0 | _aBooks |
| 246 | _afrom papyrus to paperback | ||
| 260 |
_aLondon _bMethuen _c1964 |
||
| 300 | _a96p. : ill. | ||
| 350 | _a0.00 | ||
| 995 |
_D0.00 _FCBU-MAIN LIBRARY (Kitwe) _H1 _I7.50 _M1 _UAVAILABLE _ZAnnex Low-Usage Collection |
||
| 999 |
_c36038 _d36038 |
||